000 00602nam a2200181 i 4500
001 129325
003 ES-MaACL
005 20230906193459.0
007 t|
008 070612s1949 sp ||||1| spa d
080 _a86-14"19"
100 1 _aTerrón Albarrán, Manuel.
_9109799
245 1 0 _aCalma
_b: (poesía y prosa campera) /
_cManuel Terrón Albarrán ; prólogo de Julio Cienfuegos Linares.
260 _aBadajoz :
_b[s.n.],
_c1949 (
_eTip. Vda. Antonio Argueros)
300 _a93 p. :
_bil. ;
_c22 cm.
700 1 _aCienfuegos Linares, Julio.
_938784
852 _aES-MaACL
_j1894-F-2
_bR.26835
999 _c129325
_d129325